Central Library OPAC University of Rajshahi

Learning English : (Record no. 76077)

MARC details
000 -LEADER
fixed length control field 00729nam a2200229 a 4500
001 - CONTROL NUMBER
control field 76077
003 - CONTROL NUMBER IDENTIFIER
rucl marc code BD-RjUL
005 - DATE AND TIME OF LATEST TRANSACTION
control field 20211209082802.0
008 - FIXED-LENGTH DATA ELEMENTS--GENERAL INFORMATION
fixed length control field 170119s1986 bg ||||| |||| 00| 0 eng d
020 ## - INTERNATIONAL STANDARD BOOK NUMBER
International Standard Book Number 9846431559
Terms of availability : Tk. 90.00
035 ## - SYSTEM CONTROL NUMBER
System control number (BD-RjUL)76297
040 ## - CATALOGING SOURCE
Original cataloging agency BD-RjUL
Language of cataloging eng
Transcribing agency BD-RjUL
Modifying agency BD-RjUL
041 ## - LANGUAGE CODE
Language code of text/sound track or separate title eng
082 ## - DEWEY DECIMAL CLASSIFICATION NUMBER
Edition number 23
Classification number 428.0071
Author mark and year AHL 2006
100 1# - MAIN ENTRY--PERSONAL NAME
Personal name Ahmed, Sadruddin
9 (RLIN) 233959
245 10 - TITLE STATEMENT
Title Learning English :
Remainder of title the easy way (বাংলা সংস্করণ) /
Statement of responsibility, etc. Sadruddin Ahmed
250 ## - EDITION STATEMENT
Edition statement 7th ed.
260 ## - PUBLICATION, DISTRIBUTION, ETC. (IMPRINT)
Place of publication, distribution, etc. Rajshahi :
Name of publisher, distributor, etc. Akhtara Prokashani,
Date of publication, distribution, etc. 2006
300 ## - PHYSICAL DESCRIPTION
Pagination [12], 347, [1] p. ;
Size 23 cm.
650 ## - SUBJECT ADDED ENTRY--TOPICAL TERM
Topical term or geographic name as entry element English language
General subdivision Study and teaching
-- Foreign speakers.
9 (RLIN) 183215
942 ## - ADDED ENTRY ELEMENTS (KOHA)
Source of classification or shelving scheme Dewey Decimal Classification
Koha item type Books
Holdings
Lost status Source of classification or shelving scheme Damaged status Not for loan Collection code Permanent Location Current Location Shelving location Date acquired Source of acquisition Cost, normal purchase price Total Checkouts Total Renewals Full call number Date last seen Date checked out Copy number Koha item type
  Dewey Decimal Classification     Non-fiction Central Library, University of Rajshahi Central Library, University of Rajshahi   26/04/1987 The Author 50.00 5 1 428.0071 AHL 2006 17/08/2025 29/07/2025 C-2 Books